| 000 | 00672nam a2200217Ia 4500 | ||
|---|---|---|---|
| 999 |
_c5755 _d5755 |
||
| 003 | OSt | ||
| 005 | 20200402172954.0 | ||
| 008 | 191128s1982 sp fr 000 0 spa d | ||
| 020 | _a8471662566 | ||
| 040 |
_aCO-JMCR _cCO-JMCR |
||
| 041 | 0 | _aspa | |
| 082 | 0 | 4 |
_a320 / _bM149p |
| 100 | 1 |
_aMachiavelli, Niccolo, _eautor _91726 |
|
| 245 | 1 | 0 |
_aEl príncipe / _cNiccolo Machiavelli |
| 260 |
_aMadrid : _bEdaf, _c1982 |
||
| 300 |
_a251 páginas ; _c17 cm. |
||
| 501 | _aCon: Prefacio de Voltaire y del Antimaquiavelo o Examen del Príncipe / Federico el Grande, rey de Prusia. | ||
| 650 | 1 | 4 |
_aCiencia política _9811 |
| 650 | 1 | 4 |
_aÉtica política _91727 |
| 942 |
_2ddc _cBK |
||